[Event "Puspokladany Arnoth Memorial 15th"]
[Site "Puspokladany"]
[Date "2022.07.30"]
[Round "6"]
[White "Bodo, Norbert1111"]
[Black "Purak, Zoltan"]
[Result "0-1"]
[WhiteElo "1596"]
[BlackElo "1764"]
[PlyCount "48"]
[EventDate "2022.07.27"]
[EventType "swiss"]
[EventRounds "9"]
[EventCountry "HUN"]
[SourceTitle "EXT 2023"]
[Source "ChessBase"]
[SourceDate "2022.10.05"]
[SourceVersion "1"]
[SourceVersionDate "2022.10.05"]
[SourceQuality "1"]

1. e4 c6 2. d4 d5 3. exd5 cxd5 4. c4 Nf6 5. Nc3 Nc6 6. Nf3 Bg4 7. Be3 e6 8. Be2 Be7 9. 0-0 0-0 10. cxd5 Nxd5 11. Nxd5 Qxd5 12. h3 Bh5 13. a3 Rfd8 14. Qd2 Bf6 15. Rad1 Rac8 16. g4 Bg6 17. g5 Be7 18. Nh4 Bf8 19. f4 Ne7 20. Nxg6 hxg6 21. Bf3 Qd7 22. Bf2 Nf5 23. d5 Qa4 24. Be4 Qxe4 0-1

[Event "HUN-chT2 Erkel 1819"]
[Site "Hungary"]
[Date "2019.02.10"]
[Round "5.11"]
[White "Purak, Zoltan"]
[Black "Torocsik, Jozsef"]
[Result "1-0"]
[WhiteElo "1859"]
[BlackElo "1584"]
[PlyCount "85"]
[EventDate "2018.10.28"]
[EventType "team-tourn"]
[EventRounds "9"]
[EventCountry "HUN"]
[SourceTitle "EXT 2021"]
[Source "ChessBase"]
[SourceDate "2020.10.23"]
[SourceVersion "1"]
[SourceVersionDate "2020.10.23"]
[SourceQuality "1"]
[WhiteTeam "Pestszentlorinc"]
[BlackTeam "Szada GSBE"]
[WhiteTeamCountry "HUN"]
[BlackTeamCountry "HUN"]

1. d4 d5 2. c4 e6 3. Nc3 Nf6 4. Bg5 Bb4 5. Nf3 h6 6. Bh4 0-0 7. e3 c6 8. Qc2 Nbd7 9. Be2 Qa5 10. 0-0 Bxc3 11. bxc3 Ne4 12. Rac1 b6 13. cxd5 cxd5 14. Be7 b5 15. Bb4 Qb6 16. Bxf8 Kxf8 17. Nd2 Nd6 18. Rb1 a5 19. a4 b4 20. cxb4 axb4 21. Rb2 Qa5 22. Nb3 Qa7 23. a5 Ba6 24. Bxa6 Qxa6 25. Nc5 Nxc5 26. Qxc5 Ke7 27. Rxb4 Rc8 28. Rb6 Rxc5 29. Rxa6 Rb5 30. Ra7+ Kd8 31. Ra1 Kc8 32. Ra6 Nb7 33. Ra8+ Kc7 34. Rc1+ Kd7 35. a6 Nd6 36. Ra7+ Kd8 37. g3 Rb6 38. Ra8+ Kd7 39. Ra7+ Kd8 40. Kg2 g5 41. Ra8+ Kd7 42. Ra1 Nc8 43. Rxc8 1-0

[Event "Budapest Karacsonyi op 10th"]
[Site "Budapest"]
[Date "2018.12.28"]
[Round "3"]
[White "Lakat, Gyula"]
[Black "Purak, Zoltan"]
[Result "0-1"]
[WhiteElo "1763"]
[BlackElo "1897"]
[PlyCount "104"]
[EventDate "2018.12.27"]
[EventType "swiss"]
[EventRounds "7"]
[EventCountry "HUN"]
[SourceTitle "CBM 188 Extra"]
[Source "ChessBase"]
[SourceDate "2019.02.26"]
[SourceVersion "1"]
[SourceVersionDate "2019.02.26"]
[SourceQuality "1"]

1. e4 c6 2. d4 d5 3. Nd2 g6 4. c3 Bg7 5. Ngf3 Bg4 6. Be2 e6 7. h3 Bxf3 8. Bxf3 Qc7 9. Qe2 Nf6 10. e5 Nfd7 11. b3 c5 12. Bb2 Nc6 13. Rc1 Qb6 14. c4 Nxd4 15. Bxd4 cxd4 16. cxd5 Nxe5 17. dxe6 Nxf3+ 18. gxf3 fxe6 19. 0-0 0-0 20. Nc4 Qc6 21. Nd2 Qd7 22. Ne4 b6 23. Rc4 e5 24. Kg2 Rac8 25. Rfc1 Rxc4 26. Qxc4+ Qf7 27. Qxf7+ Rxf7 28. Rc8+ Bf8 29. Re8 Re7 30. Rxe7 Bxe7 31. Kf1 Kf7 32. Ke2 Ke6 33. Kd3 Kd5 34. Ng3 b5 35. Nf1 Bg5 36. Ng3 Bh4 37. Ne4 a6 38. Nd2 Bxf2 39. Ne4 Bh4 40. Nd2 Bd8 41. Ne4 h6 42. Ke2 Be7 43. Kd3 Ke6 44. Ng3 h5 45. Ne4 Kf5 46. Nd2 Kf4 47. Ke2 Kg3 48. Kd3 Bb4 49. Ne4+ Kxf3 50. Ng5+ Kg3 51. Ke4 Be7 52. Nf3 Bf6 0-1

[Event "Puspokladany Arnoth Memorial 11th"]
[Site "Puspokladany"]
[Date "2018.07.28"]
[Round "6"]
[White "Kakuk, Sandor"]
[Black "Purak, Zoltan"]
[Result "1-0"]
[WhiteElo "2104"]
[BlackElo "1840"]
[PlyCount "47"]
[EventDate "2018.07.25"]
[EventType "swiss"]
[EventRounds "9"]
[EventCountry "HUN"]
[SourceTitle "CBM 186 Extra"]
[Source "ChessBase"]
[SourceDate "2018.08.24"]
[SourceVersion "1"]
[SourceVersionDate "2018.08.24"]
[SourceQuality "1"]

1. d4 f5 2. Nc3 Nf6 3. Bg5 e6 4. e4 fxe4 5. Nxe4 Be7 6. Nxf6+ Bxf6 7. Be3 0-0 8. Bd3 Nc6 9. Nf3 d5 10. h4 e5 11. dxe5 Nxe5 12. Nxe5 Bxe5 13. Qh5 Re8 14. Bxh7+ Kf8 15. 0-0-0 Qf6 16. Bc5+ Bd6 17. Bg6 Bxc5 18. Qh8+ Ke7 19. Qxe8+ Kd6 20. Rxd5+ Kxd5 21. Qe4+ Kd6 22. Rd1+ Bd4 23. Rxd4+ Kc5 24. Qd5+ 1-0

[Event "Puspokladany Arnoth Memorial 11th"]
[Site "Puspokladany"]
[Date "2018.07.26"]
[Round "2"]
[White "Balazs, Ladislav"]
[Black "Purak, Zoltan"]
[Result "1/2-1/2"]
[WhiteElo "2075"]
[BlackElo "1840"]
[PlyCount "143"]
[EventDate "2018.07.25"]
[EventType "swiss"]
[EventRounds "9"]
[EventCountry "HUN"]
[SourceTitle "CBM 186 Extra"]
[Source "ChessBase"]
[SourceDate "2018.08.24"]
[SourceVersion "1"]
[SourceVersionDate "2018.08.24"]
[SourceQuality "1"]

1. e4 c6 2. d4 d5 3. exd5 cxd5 4. c4 Nf6 5. Nc3 Nc6 6. Nf3 Bg4 7. cxd5 Nxd5 8. Qb3 Bxf3 9. gxf3 e6 10. Qxb7 Nxd4 11. Bb5+ Nxb5 12. Qc6+ Ke7 13. Qxb5 Qd7 14. Nxd5+ Qxd5 15. Bg5+ f6 16. Qxd5 exd5 17. Be3 Ke6 18. Ke2 Bd6 19. Kd3 a6 20. Rhe1 Kf5 21. h3 Be5 22. Rab1 Rab8 23. b4 Rhc8 24. Rec1 Rxc1 25. Bxc1 Rc8 26. Bd2 Rb8 27. a4 g5 28. b5 axb5 29. axb5 Ke6 30. Be3 Kd6 31. h4 h6 32. h5 Rb7 33. Rb4 Rb8 34. Rb3 Rb7 35. Rb1 Rb8 36. b6 Rb7 37. Rc1 d4 38. Bxd4 Bxd4 39. Kxd4 Rxb6 40. Rc8 Rb4+ 41. Ke3 Rh4 42. Ra8 Rxh5 43. Ra6+ Ke5 44. f4+ gxf4+ 45. Kf3 Rh3+ 46. Kg4 Rh2 47. Ra5+ Ke6 48. Ra2 h5+ 49. Kxf4 Rh4+ 50. Kf3 Kf5 51. Ra5+ Kg6 52. Kg3 Rg4+ 53. Kh3 Rg5 54. Ra8 Kf5 55. Ra4 Kg6 56. Ra8 Kf7 57. Ra6 Rg1 58. Kh2 Rb1 59. Kg3 Kg6 60. Ra5 Rb4 61. Rc5 h4+ 62. Kh3 f5 63. Rc8 Rf4 64. Rg8+ Kf6 65. Re8 Rxf2 66. Kxh4 Rg2 67. Kh3 Rg7 68. Re2 f4 69. Rg2 Rh7+ 70. Kg4 Rg7+ 71. Kh3 Rxg2 72. Kxg2 1/2-1/2

[Event "Budapest Titan Cup 1st"]
[Site "Budapest"]
[Date "2017.01.07"]
[Round "3"]
[White "Purak, Zoltan"]
[Black "Juhasz, Agoston Botond"]
[Result "1/2-1/2"]
[WhiteElo "1698"]
[BlackElo "1991"]
[PlyCount "140"]
[EventDate "2017.01.06"]
[EventType "swiss"]
[EventRounds "5"]
[EventCountry "HUN"]
[SourceTitle "CBM 176 Extra"]
[Source "ChessBase"]
[SourceDate "2017.03.02"]
[SourceVersion "1"]
[SourceVersionDate "2017.03.02"]
[SourceQuality "1"]

1. d4 d5 2. c4 c6 3. Nf3 Nf6 4. Nc3 dxc4 5. a4 Bf5 6. Bf4 Nd5 7. Qd2 e6 8. Ne5 Nd7 9. Nxc4 N7f6 10. Bg5 Qc7 11. Bxf6 Nxf6 12. e3 Bb4 13. Bd3 c5 14. 0-0 0-0 15. Bxf5 exf5 16. Qc2 a6 17. Ne2 Rac8 18. Ne5 g6 19. Nd3 Qa5 20. Nxb4 Qxb4 21. Qc3 Qb6 22. dxc5 Rxc5 23. Qd4 Rd8 24. a5 Rxd4 25. axb6 Rd2 26. Nc3 Ne4 27. Rac1 Nxc3 28. bxc3 Rb2 29. Rb1 Rcb5 30. Rbc1 Rxb6 31. g3 Rd6 32. Rb1 Rdd2 33. Rbc1 Rbc2 34. Rb1 b5 35. Ra1 Rd6 36. Ra3 Rc6 37. Rfa1 R2xc3 38. Rxa6 Rxa6 39. Rxa6 Rb3 40. Kg2 Rb2 41. h3 b4 42. Kf3 Kg7 43. Rb6 b3 44. g4 fxg4+ 45. hxg4 Rb1 46. Kg2 h5 47. g5 h4 48. Rb4 b2 49. Rb8 Kh7 50. Rb7 Kg8 51. Rb8+ Kg7 52. Kh2 h3 53. f4 Kh7 54. Rb7 Kg8 55. Rb8+ Kg7 56. e4 Kh7 57. Rb7 Kg8 58. f5 gxf5 59. exf5 Rf1 60. Rxb2 Rxf5 61. g6 f6 62. Kxh3 Rg5 63. Rg2 Rxg2 64. Kxg2 Kg7 65. Kf3 Kxg6 66. Kg4 f5+ 67. Kf4 Kf6 68. Kf3 Ke5 69. Ke3 f4+ 70. Kf3 Kf5 1/2-1/2

[Event "Eger Agria op 40th"]
[Site "Eger"]
[Date "2016.07.21"]
[Round "6"]
[White "Purak, Zoltan"]
[Black "Nagy, Hunor"]
[Result "1/2-1/2"]
[WhiteElo "1657"]
[BlackElo "1988"]
[PlyCount "168"]
[EventDate "2016.07.18"]
[EventType "swiss"]
[EventRounds "8"]
[EventCountry "HUN"]
[SourceTitle "EXT 2020"]
[Source "ChessBase"]
[SourceDate "2019.10.17"]
[SourceVersion "1"]
[SourceVersionDate "2019.10.17"]
[SourceQuality "1"]

1. d4 Nf6 2. c4 e5 3. dxe5 Ne4 4. Nd2 Nc5 5. Ngf3 Nc6 6. Nb3 Nxb3 7. axb3 Bb4+ 8. Bd2 Qe7 9. g3 Nxe5 10. Nxe5 Bxd2+ 11. Qxd2 Qxe5 12. Bg2 0-0 13. 0-0 a6 14. e3 d6 15. Qd4 Qh5 16. Rad1 Rb8 17. b4 Be6 18. Bd5 Rfd8 19. Bxe6 fxe6 20. Rd2 Rf8 21. f4 Qf7 22. b3 Qf6 23. Qxf6 gxf6 24. Rfd1 Kf7 25. Kf2 Ke7 26. Kf3 f5 27. Rd3 Rf6 28. c5 d5 29. R3d2 Rg8 30. Ra1 Kd7 31. Raa2 Rh6 32. Ra5 Kc6 33. Kg2 Rg4 34. Rd4 Rhg6 35. Ra2 h5 36. Kf3 h4 37. Rg2 Kb5 38. Kf2 Rg8 39. Kf3 hxg3 40. Rxg3 Rxg3+ 41. hxg3 Rh8 42. Kg2 Ra8 43. Kf3 a5 44. bxa5 Rxa5 45. g4 fxg4+ 46. Kxg4 Ra3 47. f5 exf5+ 48. Kxf5 Kxc5 49. b4+ Kd6 50. e4 c6 51. e5+ Ke7 52. Rh4 Rf3+ 53. Kg4 Rf7 54. Rh6 Rf1 55. Kg5 Kd7 56. b5 Rg1+ 57. Kf5 Rf1+ 58. Kg5 Kc7 59. Rf6 Rg1+ 60. Kf5 c5 61. b6+ Kc8 62. Ke6 Rg8 63. Kxd5 Rg5 64. Kd6 Rg8 65. Kxc5 Kd7 66. Kd5 Ke7 67. Rh6 Rd8+ 68. Ke4 Rb8 69. Rh7+ Ke6 70. Rg7 Ra8 71. Rg6+ Kd7 72. Kf5 Ra1 73. Rd6+ Ke7 74. Re6+ Kd7 75. Rd6+ Ke7 76. Rh6 Rf1+ 77. Ke4 Re1+ 78. Kd5 Rd1+ 79. Kc5 Rc1+ 80. Kd4 Rd1+ 81. Kc3 Kd7 82. Kc4 Rc1+ 83. Kd5 Rd1+ 84. Kc5 Rc1+ 1/2-1/2